000 00604nam a2200193Ia 4500
003 GCL
008 140319s9999 xx 000 0 ara d
040 _aGCL /
_cGCL
082 0 4 _a839.82
_bع ع
100 1 _aغاردر، جوستاين
245 1 0 _aعالم صوفى : رواية حول تاريخ الفلسفة /
_cغاردر، جوستاين
700 1 _aحياة الحويك
300 _a550 ص
490 _aالهيئة العامة للاستعلامات
_v0
650 0 4 _aالادب
650 0 4 _aتاريخ الفلسفة
650 0 4 _aالادب النرويجى
942 _2ddc
_cBK
999 _c48437
_d48437